Principios de hacienda pública
Guardat en:
| Autor principal: | |
|---|---|
| Format: | Llibre |
| Idioma: | espanyol |
| Publicat: |
Madrid
Aguilar
1958
|
| Col·lecció: | Biblioteca de Ciencias Sociales. Sección 1: Economía
|
| Matèries: | |
| Etiquetes: |
Afegir etiqueta
Sense etiquetes, Sigues el primer a etiquetar aquest registre!
|
MARC
| LEADER | 00000nam a2200000 a 4500 | ||
|---|---|---|---|
| 001 | UCT8025 | ||
| 003 | CL-VaPUC | ||
| 008 | 970317e19580000SP |||||||||||||||||spa|d | ||
| 082 | 0 | 4 | |a 336 |b EIN |2 21 |
| 100 | 0 | |a Einaudi, Luigi |e author |9 379463 | |
| 245 | 1 | 0 | |a Principios de hacienda pública |
| 300 | |a 504 p | ||
| 942 | |c BK | ||
| 945 | |d 19970317 00:00:00 |a paguirre | ||
| 260 | |a Madrid |b Aguilar |c 1958 | ||
| 650 | 0 | |a Hacienda pública |9 258673 | |
| 650 | 0 | |a Política fiscal |9 317354 | |
| 650 | 7 | |a INGRESO NACIONAL |2 CL-VaPUC |9 334289 | |
| 650 | 0 | |a Impuestos |9 255450 | |
| 583 | |a last modification |c 19970317 00:00:00 |k Rodrigo Vera | ||
| 490 | 0 | |a Biblioteca de Ciencias Sociales. Sección 1: Economía | |
| 999 | |c 256562 |d 256560 | ||
| 952 | |0 0 |1 0 |4 0 |6 336_000000000000000_EIN_1958 |7 0 |8 A |9 279353 |a BIBDER |b BIBDER |d 2019-11-19 |i 1811924 |o 336 EIN 1958 |p 1811924 |r 2023-01-25 |w 2019-11-19 |y BK |k DER | ||